[Event "2. Bundesliga Ost 2013/2014"]
[Site "Zwettl"]
[Date "2013.11.23"]
[Round "3"]
[Board "2"]
[White "Petran, Peter"]
[Black "Pinter, Erik"]
[Result "1-0"]
[WhiteElo "2320"]
[BlackElo "2358"]
[PlyCount "109"]
[EventDate "2013.10.05"]
[EventType "team"]
[EventRounds "11"]
[EventCountry "AUT"]
[WhiteTeam "ASVOE Mattersburg"]
[BlackTeam "Blackburne Nickelsdorf"]

1. g3 c5 2. Bg2 Nc6 3. e4 g6 4. Ne2 Bg7 5. O-O e5 6. d3 Nge7 7. Be3 b6 8. c4 d6
9. Nbc3 h5 10. f4 f6 11. fxe5 dxe5 12. Nd5 O-O 13. Qd2 Bg4 14. Nec3 Qd7 15. Rf2
Rf7 16. Raf1 Raf8 17. a3 Nd4 18. b4 Nxd5 19. Nxd5 Qd6 20. Rb1 Kh7 21. a4 cxb4
22. Bxd4 exd4 23. Qxb4 Qe5 24. a5 bxa5 25. Qxa5 Rb8 26. Rb5 Rxb5 27. Qxb5 Be6
28. Rb2 Bh6 29. Qb8 Qxb8 30. Rxb8 Bf8 31. Nf4 Bg4 32. h3 Bd1 33. Rb1 Ba4 34.
Ra1 Bc2 35. Ra2 Bb3 36. Ra6 Bc2 37. Bf1 Bh6 38. h4 Bf8 39. Kg2 Bg7 40. Be2 Rb7
41. c5 Bb3 42. Nd5 f5 43. c6 Rb5 44. c7 Rc5 45. Rxa7 Kh6 46. Ne7 Be6 47. Ra6
Bd7 48. Nxf5+ Kh7 49. Nxg7 Kxg7 50. Rd6 Rxc7 51. Rxd4 Be6 52. Kf2 Bg4 53. Ke3
Rc1 54. Bxg4 hxg4 55. Kf4 1-0

[Event "2. Bundesliga Ost 2013/2014"]
[Site "Zwettl"]
[Date "2013.11.23"]
[Round "3"]
[Board "3"]
[White "Vlcek, Stanislav"]
[Black "Brod, Manfred"]
[Result "0-1"]
[WhiteElo "2309"]
[BlackElo "2237"]
[PlyCount "66"]
[EventDate "2013.10.05"]
[EventType "team"]
[EventRounds "11"]
[EventCountry "AUT"]
[WhiteTeam "Blackburne Nickelsdorf"]
[BlackTeam "ASVOE Mattersburg"]

1. e4 e6 2. d3 d5 3. Nd2 Nf6 4. g3 dxe4 5. dxe4 Bc5 6. Bg2 Nc6 7. Ngf3 O-O 8.
O-O e5 9. Qe2 a5 10. Nc4 Re8 11. c3 b5 12. Ne3 Ba6 13. Rd1 Qc8 14. Nf5 Ng4 15.
Bh3 Nxf2 16. Nh6+ gxh6 17. Bxc8 Nxd1+ 18. Kg2 Raxc8 19. Qxd1 Rcd8 20. Qe2 f5
21. Bxh6 Rd6 22. Bg5 fxe4 23. Nd2 Bb7 24. Nxe4 Nd4 25. cxd4 Rxd4 26. Qxb5 Bxe4+
27. Kh3 Bf5+ 28. g4 Rd3+ 29. Kg2 Be4+ 30. Kf1 Rf8+ 31. Ke2 Rd5 32. Qb3 Bd3+ 33.
Ke1 Bb4+ 0-1

[Event "2. Bundesliga Ost 2013/2014"]
[Site "Zwettl"]
[Date "2013.11.23"]
[Round "3"]
[Board "4"]
[White "Wiedner, Robert"]
[Black "Bachofner, Andreas"]
[Result "0-1"]
[WhiteElo "2140"]
[BlackElo "2222"]
[PlyCount "98"]
[EventDate "2013.10.05"]
[EventType "team"]
[EventRounds "11"]
[EventCountry "AUT"]
[WhiteTeam "ASVOE Mattersburg"]
[BlackTeam "Blackburne Nickelsdorf"]

1. Nf3 e6 2. b3 d5 3. Bb2 Nf6 4. e3 c5 5. Ne5 Nc6 6. Bb5 Bd7 7. Bxc6 Bxc6 8. d3
Be7 9. Nxc6 bxc6 10. Nd2 O-O 11. O-O Nd7 12. f4 Bf6 13. Bxf6 Qxf6 14. Qe2 a5
15. a4 Qc3 16. Rac1 Rae8 17. e4 f6 18. Nf3 e5 19. Qd2 Qxd2 20. Nxd2 Nb6 21.
fxe5 Rxe5 22. Rf4 Rfe8 23. Kf2 Nc8 24. Re1 Nd6 25. Nf3 R5e7 26. exd5 Rxe1 27.
Nxe1 cxd5 28. Nf3 Re6 29. Nd2 g5 30. Rf3 Kf7 31. h4 h6 32. hxg5 hxg5 33. Nf1 d4
34. g4 Kg6 35. Nd2 Re5 36. Rh3 Re8 37. Rh1 Kg7 38. Rc1 Re3 39. Nf1 Rh3 40. Kg2
Rh4 41. Nh2 f5 42. c3 fxg4 43. cxd4 cxd4 44. Rc5 Kf6 45. Rxa5 Nf5 46. b4 Ne3+
47. Kg1 Rh7 48. Rc5 g3 49. Nf1 Rh1+ 0-1

[Event "2. Bundesliga Ost 2013/2014"]
[Site "Zwettl"]
[Date "2013.11.23"]
[Round "3"]
[Board "5"]
[White "Bachofner, Christian"]
[Black "Salamon, Werner"]
[Result "1/2-1/2"]
[WhiteElo "2076"]
[BlackElo "2122"]
[PlyCount "86"]
[EventDate "2013.10.05"]
[EventType "team"]
[EventRounds "11"]
[EventCountry "AUT"]
[WhiteTeam "Blackburne Nickelsdorf"]
[BlackTeam "ASVOE Mattersburg"]

1. e4 e5 2. Nf3 Nc6 3. Nc3 Nf6 4. g3 Bc5 5. Bg2 d6 6. h3 O-O 7. d3 Be6 8. O-O
h6 9. Qe2 Nh7 10. Be3 Bxe3 11. Qxe3 Ng5 12. Nxg5 hxg5 13. Ne2 Qf6 14. c3 Qh6
15. Kh2 Qh5 16. f3 Rad8 17. d4 d5 18. exd5 exd4 19. Nxd4 Bxd5 20. Nxc6 Bxc6 21.
Rad1 a6 22. Rfe1 Rxd1 23. Rxd1 Re8 24. Qf2 Qg6 25. a3 Qf5 26. Rd2 g6 27. Re2
Rd8 28. Qe3 Rd3 29. Qe7 Rd7 30. Qe3 Kg7 31. Qf2 Kh7 32. Re1 Rd3 33. Re3 Qc5 34.
Re2 Qd6 35. f4 Bxg2 36. Kxg2 Qd5+ 37. Kh2 Rd1 38. Qg2 gxf4 39. Qxd5 fxg3+ 40.
Kxg3 Rxd5 41. Re7 Rg5+ 42. Kh2 Rf5 43. Rxc7 Rf2+ 1/2-1/2

[Event "2. Bundesliga Ost 2013/2014"]
[Site "Zwettl"]
[Date "2013.11.23"]
[Round "3"]
[Board "6"]
[White "Savio, Alfred Jun."]
[Black "Kuntner, Reinhard"]
[Result "1-0"]
[WhiteElo "2018"]
[BlackElo "2093"]
[PlyCount "121"]
[EventDate "2013.10.05"]
[EventType "team"]
[EventRounds "11"]
[EventCountry "AUT"]
[WhiteTeam "ASVOE Mattersburg"]
[BlackTeam "Blackburne Nickelsdorf"]

1. d4 Nf6 2. Nc3 d5 3. Bg5 Nbd7 4. Nf3 c6 5. e3 Qb6 6. Rb1 e6 7. Bd3 Bd6 8. O-O
h6 9. Bh4 c5 10. Nb5 Bb8 11. c4 a6 12. Nc3 dxc4 13. Bxc4 Qb4 14. Be2 O-O 15. a3
Qa5 16. d5 b5 17. dxe6 fxe6 18. Qc2 Bb7 19. Nd2 Qc7 20. Bg3 Qb6 21. Qg6 Bxg3
22. Qxg3 Rad8 23. Rbd1 e5 24. Bf3 Bxf3 25. Nxf3 Qe6 26. Qh4 e4 27. Nd2 Rfe8 28.
Qf4 Nf8 29. Ndxe4 Nxe4 30. Rxd8 Nxc3 31. Rxe8 Ne2+ 32. Kh1 Nxf4 33. Rxe6 N4xe6
34. Rd1 Nc7 35. f4 Kf7 36. g4 Ke7 37. Kg2 Nd7 38. Kf3 c4 39. h4 a5 40. g5 h5
41. f5 Ne5+ 42. Ke4 Nd3 43. Rd2 Kd6 44. Kd4 Nd5 45. e4 N5f4 46. a4 Kc6 47.
axb5+ Kxb5 48. e5 g6 49. Ke4 Kc6 50. Rc2 gxf5+ 51. Kxf5 Kd5 52. g6 Ne6 53. Kf6
Nxe5 54. Rd2+ Nd3 55. b3 Kc5 56. bxc4 Ndf4 57. Ra2 Nxg6 58. Kxg6 Kb4 59. Kxh5
a4 60. Kg6 Nc5 61. h5 1-0

[Event "2. Bundesliga Ost 2013/2014"]
[Site "Zwettl"]
[Date "2013.11.23"]
[Round "3"]
[Board "1"]
[White "Nagy, Bence"]
[Black "Kummer, Helmut"]
[Result "0-1"]
[WhiteElo "2358"]
[BlackElo "2331"]
[PlyCount "130"]
[EventDate "2013.10.05"]
[EventType "team"]
[EventRounds "11"]
[EventCountry "AUT"]
[WhiteTeam "SK Austria"]
[BlackTeam "Purbach"]

1. d4 Nf6 2. c4 c5 3. d5 b5 4. cxb5 a6 5. bxa6 Bxa6 6. Nc3 d6 7. e3 Bxf1 8.
Kxf1 g6 9. Nge2 Bg7 10. h3 Nbd7 11. Kg1 O-O 12. Kh2 Qa5 13. Qc2 Rfb8 14. Rd1
Nb6 15. Rb1 Nc4 16. a4 Qb4 17. b3 Na5 18. Nb5 c4 19. bxc4 Qxc4 20. Qxc4 Nxc4
21. Nec3 Nd7 22. Bd2 Nxd2 23. Rxd2 Bxc3 24. Nxc3 Rxb1 25. Nxb1 Rxa4 26. Nc3 Rc4
27. Ne2 Kg7 28. f3 f5 29. g4 Kf6 30. Kg2 Nb6 31. gxf5 gxf5 32. Kf2 h5 33. Nf4
h4 34. Nh5+ Kf7 35. Nf4 Nd7 36. Ke2 Nf6 37. Rd4 Rc2+ 38. Rd2 Rc5 39. Rd4 Ra5
40. Rd2 Kg7 41. Ne6+ Kh6 42. Nf4 Nh5 43. Nxh5 Kxh5 44. f4 Kg6 45. Kf2 Kf7 46.
Kf3 Kf6 47. Kf2 Ra8 48. Kf3 Rg8 49. Rg2 Rxg2 50. Kxg2 e6 51. Kf3 exd5 52. Ke2
Ke6 53. Kd2 Kd7 54. Kd3 Kc7 55. Kc3 Kb7 56. Kd4 Kc6 57. Kc3 Kc5 58. Kd3 d4 59.
e4 fxe4+ 60. Kxe4 Kc4 61. f5 d3 62. Ke3 Kc3 63. f6 d2 64. f7 d1=Q 65. f8=Q Qe1+
 0-1

[Event "2. Bundesliga Ost 2013/2014"]
[Site "Zwettl"]
[Date "2013.11.23"]
[Round "3"]
[Board "2"]
[White "Wolfram, Bernd"]
[Black "Sardy, Peter"]
[Result "1/2-1/2"]
[WhiteElo "2259"]
[BlackElo "2337"]
[PlyCount "38"]
[EventDate "2013.10.05"]
[EventType "team"]
[EventRounds "11"]
[EventCountry "AUT"]
[WhiteTeam "Purbach"]
[BlackTeam "SK Austria"]

1. c4 g6 2. g3 Bg7 3. Bg2 Nf6 4. Nc3 O-O 5. e4 c5 6. Nge2 Nc6 7. O-O d6 8. d3
a6 9. h3 Rb8 10. a4 Ne8 11. Be3 Nc7 12. d4 cxd4 13. Nxd4 Ne6 14. Nde2 Bd7 15.
b3 Nc5 16. Rb1 Nb4 17. Qd2 Bc6 18. Nd5 Nxd5 19. cxd5 Bd7 1/2-1/2

[Event "2. Bundesliga Ost 2013/2014"]
[Site "Zwettl"]
[Date "2013.11.23"]
[Round "3"]
[Board "3"]
[White "Staudner, Oliver"]
[Black "Wiedermann, Daniel"]
[Result "1/2-1/2"]
[WhiteElo "2392"]
[BlackElo "2164"]
[PlyCount "163"]
[EventDate "2013.10.05"]
[EventType "team"]
[EventRounds "11"]
[EventCountry "AUT"]
[WhiteTeam "SK Austria"]
[BlackTeam "Purbach"]

1. e4 c6 2. d4 d5 3. Nc3 dxe4 4. Nxe4 Bf5 5. Ng3 Bg6 6. Nh3 e6 7. Nf4 Bd6 8. c3
Qh4 9. Ngh5 Bxh5 10. Qxh5 Qxh5 11. Nxh5 g6 12. Nf4 Nd7 13. Be2 Ngf6 14. O-O O-O
15. Rd1 Kg7 16. Bf3 Rad8 17. Nd3 Rfe8 18. g3 h6 19. a4 a5 20. Bd2 e5 21. dxe5
Nxe5 22. Nxe5 Bxe5 23. Be3 Bc7 24. Bd4 Re6 25. Kf1 Kg8 26. Re1 Rxe1+ 27. Rxe1
Nd7 28. Bg4 Bb6 29. Rd1 Nc5 30. b3 Re8 31. h4 h5 32. Bf3 Nd7 33. Be3 Nc5 34.
Be2 Re7 35. Bc4 Rd7 36. Ra1 Re7 37. Bg5 Re8 38. Rd1 Kg7 39. Be3 Re7 40. Kg2 Kf8
41. Kf3 f6 42. Rd6 Ne4 43. Bh6+ Ke8 44. Re6 Rxe6 45. Bxe6 Ke7 46. Bc8 Nxf2 47.
Bxb7 Ng4 48. Bf4 Kd7 49. Ba6 Bc7 50. b4 axb4 51. cxb4 Bxf4 52. gxf4 c5 53. Bb5+
Kd6 54. bxc5+ Kxc5 55. Be8 Kb4 56. Bxg6 Kxa4 57. Bxh5 Nh6 58. Ke4 Kb4 59. Bd1
Kc5 60. Bb3 Kd6 61. Ba2 Kc5 62. h5 Kd6 63. Bb3 Kc5 64. Bc2 Kc4 65. Bb1 Kc5 66.
Kd3 Kd6 67. Kd4 Kc6 68. Ba2 Nf5+ 69. Kd3 Kc5 70. Bf7 Nh6 71. Bg6 Kd5 72. Ke3
Ng4+ 73. Kf3 Nh6 74. Be8 Kd4 75. Bd7 Kd3 76. f5 Kd4 77. Kf4 Kd5 78. Be6+ Kd4
79. Ba2 Kd3 80. Bb1+ Kd4 81. Be4 Nf7 82. Bb1 1/2-1/2

[Event "2. Bundesliga Ost 2013/2014"]
[Site "Zwettl"]
[Date "2013.11.23"]
[Round "3"]
[Board "4"]
[White "Heiny, Michael"]
[Black "Theissl-Pokorna, Regina"]
[Result "0-1"]
[WhiteElo "2084"]
[BlackElo "2343"]
[PlyCount "42"]
[EventDate "2013.10.05"]
[EventType "team"]
[EventRounds "11"]
[EventCountry "AUT"]
[WhiteTeam "Purbach"]
[BlackTeam "SK Austria"]

1. d4 d5 2. c4 e6 3. Nc3 c5 4. e3 Nc6 5. Nf3 Nf6 6. Be2 Bd6 7. O-O O-O 8. b3
cxd4 9. exd4 Ne4 10. Bb2 Qf6 11. Bd3 Ng5 12. Nxg5 Qxg5 13. Ne2 Qh6 14. g3 b6
15. Qc1 Qf6 16. a3 Bb7 17. cxd5 Na5 18. Qe3 exd5 19. Bc2 Rac8 20. Qd3 Qg6 21.
Qd2 Rxc2 0-1

[Event "2. Bundesliga Ost 2013/2014"]
[Site "Zwettl"]
[Date "2013.11.23"]
[Round "3"]
[Board "5"]
[White "Hangweyrer, Manfred"]
[Black "Zimmermann, Heinz"]
[Result "1/2-1/2"]
[WhiteElo "2375"]
[BlackElo "2171"]
[PlyCount "91"]
[EventDate "2013.10.05"]
[EventType "team"]
[EventRounds "11"]
[EventCountry "AUT"]
[WhiteTeam "SK Austria"]
[BlackTeam "Purbach"]

1. e4 c5 2. Nf3 a6 3. c3 Nf6 4. e5 Nd5 5. d4 cxd4 6. Bc4 Nb6 7. Bb3 d5 8. exd6
e6 9. cxd4 Bxd6 10. Nc3 O-O 11. O-O Nc6 12. Re1 Bd7 13. a3 Ne7 14. Bg5 Bc6 15.
Qd3 Nbd5 16. Bc2 g6 17. Ne4 Bf4 18. Rad1 Bxg5 19. Nexg5 Nf5 20. Qd2 h6 21. Nh3
Kg7 22. Ne5 Rc8 23. Be4 Nd6 24. Nxc6 Rxc6 25. Bf3 Nc4 26. Qe2 Qd6 27. Bxd5 exd5
28. g3 Rb6 29. Rb1 Rb3 30. Nf4 Rd8 31. Qg4 Rb6 32. Re2 Qd7 33. Qf3 Qf5 34. Rbe1
Rd7 35. b3 Nxa3 36. Re5 Qf6 37. Rxd5 Rxd5 38. Qxd5 Nb5 39. Re5 Qd6 40. Qxd6
Rxd6 41. Re7 b6 42. d5 g5 43. Ng2 Rxd5 44. Ne3 Rc5 45. Rb7 Rc6 46. Nc4 1/2-1/2

[Event "2. Bundesliga Ost 2013/2014"]
[Site "Zwettl"]
[Date "2013.11.23"]
[Round "3"]
[Board "6"]
[White "Rainprecht, Bernhard"]
[Black "Higatsberger, Michael"]
[Result "1-0"]
[WhiteElo "2115"]
[BlackElo "2197"]
[PlyCount "109"]
[EventDate "2013.10.05"]
[EventType "team"]
[EventRounds "11"]
[EventCountry "AUT"]
[WhiteTeam "Purbach"]
[BlackTeam "SK Austria"]

1. e4 c5 2. Nc3 a6 3. g3 b5 4. Bg2 Bb7 5. d3 e6 6. Nge2 Nf6 7. O-O Be7 8. e5
Nd5 9. Nxd5 Bxd5 10. Bxd5 exd5 11. d4 Nc6 12. dxc5 Bxc5 13. Qxd5 Qe7 14. Bf4
O-O 15. Rad1 Rfe8 16. Nc3 Nxe5 17. Bxe5 Qxe5 18. Qxe5 Rxe5 19. Rxd7 Rae8 20.
Kg2 h5 21. Rfd1 Bb4 22. Nd5 Ba5 23. b4 Bd8 24. Rxd8 Rxd8 25. Nf6+ gxf6 26.
Rxd8+ Kg7 27. Rd6 Re4 28. c3 Rc4 29. Rxa6 Rxc3 30. Rb6 Ra3 31. Rxb5 Rxa2 32.
Rxh5 Rb2 33. Rb5 Kg6 34. h4 f5 35. h5+ Kg5 36. h6 Rd2 37. Rb6 Rd8 38. h7 Rh8
39. f4+ Kh5 40. Rf6 Rxh7 41. Rxf5+ Kg6 42. Rg5+ Kf6 43. b5 Ke6 44. b6 f5 45.
Rg6+ Kd5 46. Kf3 Rf7 47. Rh6 Kd4 48. Rd6+ Kc5 49. Re6 Kd5 50. b7 Rxb7 51. Re5+
Kd4 52. Rxf5 Rb3+ 53. Kg4 Ke3 54. Rg5 Kf2 55. Kh5 1-0

[Event "2. Bundesliga Ost 2013/2014"]
[Site "Zwettl"]
[Date "2013.11.23"]
[Round "3"]
[Board "1"]
[White "Volkmann, Friedrich Karl"]
[Black "Banusz, Tamas"]
[Result "1-0"]
[WhiteElo "2420"]
[BlackElo "2596"]
[PlyCount "97"]
[EventDate "2013.10.05"]
[EventType "team"]
[EventRounds "11"]
[EventCountry "AUT"]
[WhiteTeam "ASVOE Wulkaprodersdorf"]
[BlackTeam "SG Hietzing/Ottakring"]

1. e4 e5 2. Nf3 Nc6 3. Bb5 a6 4. Ba4 Nge7 5. O-O g6 6. c3 Bg7 7. d4 exd4 8.
cxd4 b5 9. Bb3 O-O 10. Nc3 Na5 11. Bc2 d6 12. h3 c5 13. Bg5 h6 14. Bh4 g5 15.
Bg3 Nc4 16. b3 Na3 17. Bd3 Nc6 18. Rc1 Nxd4 19. Nxd4 Bxd4 20. Qh5 Kg7 21. Kh2
Be5 22. f4 gxf4 23. Bxf4 Qg5 24. Qxg5+ hxg5 25. Bxe5+ dxe5 26. Nd5 c4 27. bxc4
bxc4 28. Bxc4 Nxc4 29. Rxc4 Be6 30. Rc5 Rac8 31. Rfc1 Rxc5 32. Rxc5 f6 33. a3
Bxd5 34. exd5 Kg6 35. g4 Rb8 36. Ra5 Rb6 37. Kg2 Rb2+ 38. Kf3 Rb3+ 39. Ke4 Rxh3
40. d6 Kf7 41. Rxa6 Rh1 42. Kd5 Rd1+ 43. Kc6 Ke6 44. Kc7 e4 45. Rc6 f5 46.
gxf5+ Kxf5 47. d7 e3 48. d8=Q Rxd8 49. Kxd8 1-0

[Event "2. Bundesliga Ost 2013/2014"]
[Site "Zwettl"]
[Date "2013.11.23"]
[Round "3"]
[Board "2"]
[White "Beck, Hartmuth"]
[Black "Wallner, Joachim"]
[Result "1/2-1/2"]
[WhiteElo "2313"]
[BlackElo "2365"]
[PlyCount "61"]
[EventDate "2013.10.05"]
[EventType "team"]
[EventRounds "11"]
[EventCountry "AUT"]
[WhiteTeam "SG Hietzing/Ottakring"]
[BlackTeam "ASVOE Wulkaprodersdorf"]

1. d4 d5 2. c4 c6 3. cxd5 cxd5 4. Nc3 Nf6 5. Bg5 e6 6. e3 Be7 7. Bd3 h6 8. Bh4
O-O 9. f4 b6 10. Qe2 Bb7 11. Nf3 Nbd7 12. O-O Ne4 13. Bxe7 Qxe7 14. Bxe4 dxe4
15. Ne5 Rfc8 16. Rac1 a5 17. Qb5 Nxe5 18. Qxe5 f6 19. Qh5 Ba6 20. Rfd1 Bd3 21.
a3 f5 22. Qg6 b5 23. g4 b4 24. Na4 Rc2 25. Nc5 Rxb2 26. Nxe6 Rc2 27. Qxf5 Re8
28. Nc5 Qh4 29. Rxc2 Bxc2 30. Qg6 Rf8 31. Rf1 1/2-1/2

[Event "2. Bundesliga Ost 2013/2014"]
[Site "Zwettl"]
[Date "2013.11.23"]
[Round "3"]
[Board "3"]
[White "Boric, Elena"]
[Black "Penz, Harald"]
[Result "1/2-1/2"]
[WhiteElo "2235"]
[BlackElo "2324"]
[PlyCount "61"]
[EventDate "2013.10.05"]
[EventType "team"]
[EventRounds "11"]
[EventCountry "AUT"]
[WhiteTeam "ASVOE Wulkaprodersdorf"]
[BlackTeam "SG Hietzing/Ottakring"]

1. e4 e5 2. Nf3 Nf6 3. Nxe5 d6 4. Nf3 Nxe4 5. d4 d5 6. Bd3 Nc6 7. Nbd2 Nf6 8.
O-O Be7 9. c3 O-O 10. Ne5 Ne8 11. Ndf3 Nxe5 12. Nxe5 g6 13. Bh6 Ng7 14. f4 Re8
15. Bxg7 Kxg7 16. f5 Bf6 17. Ng4 Bg5 18. Qf3 f6 19. fxg6 Bxg4 20. Qxg4 hxg6 21.
h4 Qc8 22. Qxc8 Be3+ 23. Kh2 Raxc8 24. Rf3 Bh6 25. Raf1 Re3 26. Rxe3 Bxe3 27.
Re1 Bf4+ 28. g3 Bd6 29. Kg2 Kf7 30. Kf3 Rd8 31. Bc2 1/2-1/2

[Event "2. Bundesliga Ost 2013/2014"]
[Site "Zwettl"]
[Date "2013.11.23"]
[Round "3"]
[Board "5"]
[White "Newrkla, Katharina"]
[Black "Schneider-Zinner, Harald"]
[Result "0-1"]
[WhiteElo "2174"]
[BlackElo "2349"]
[PlyCount "88"]
[EventDate "2013.10.05"]
[EventType "team"]
[EventRounds "11"]
[EventCountry "AUT"]
[WhiteTeam "ASVOE Wulkaprodersdorf"]
[BlackTeam "SG Hietzing/Ottakring"]

1. e4 e5 2. Nf3 d6 3. d4 exd4 4. Nxd4 Nf6 5. Nc3 Be7 6. Be2 O-O 7. O-O Re8 8.
Bf4 Bf8 9. Bf3 Nbd7 10. Re1 Ne5 11. h3 c6 12. Bg5 h6 13. Bh4 Bd7 14. a4 a5 15.
Bh5 Be7 16. Bg3 Nxh5 17. Qxh5 Qb6 18. Nb3 Nc4 19. Rab1 Bf6 20. Qf3 Rad8 21. Qd3
Be6 22. Kh1 Qb4 23. Nd4 Nxb2 24. Rxb2 Qxd4 25. e5 Bxe5 26. Bxe5 Qxd3 27. cxd3
dxe5 28. Rxb7 Rxd3 29. Ne4 Bd5 30. f3 Rd4 31. Nc5 Rc4 32. Nd7 e4 33. fxe4 Bxe4
34. Ra7 Rxa4 35. Kh2 h5 36. Nc5 Rc4 37. Rxa5 Re5 38. Ra8+ Kh7 39. Nd7 Rc2 40.
Kg3 Re7 41. Nf8+ Kh6 42. h4 Rxg2+ 43. Kh3 Bf5+ 44. Kxg2 Rxe1 0-1

[Event "2. Bundesliga Ost 2013/2014"]
[Site "Zwettl"]
[Date "2013.11.23"]
[Round "3"]
[Board "6"]
[White "Plank, Franz"]
[Black "Mesaros, Florian"]
[Result "1-0"]
[WhiteElo "2232"]
[BlackElo "2180"]
[PlyCount "101"]
[EventDate "2013.10.05"]
[EventType "team"]
[EventRounds "11"]
[EventCountry "AUT"]
[WhiteTeam "SG Hietzing/Ottakring"]
[BlackTeam "ASVOE Wulkaprodersdorf"]

1. e4 c5 2. d4 cxd4 3. Qxd4 Nc6 4. Qd3 Nf6 5. c4 e6 6. Nc3 Be7 7. Nf3 O-O 8. a3
Qa5 9. Rb1 d5 10. Bd2 dxe4 11. Nxe4 Qc7 12. Nxf6+ Bxf6 13. Be2 b6 14. O-O Bb7
15. Ng5 Bxg5 16. Bxg5 Qe5 17. Qe3 Rac8 18. Qxe5 Nxe5 19. Rbc1 f6 20. Bf4 Rfd8
21. Rfd1 Rxd1+ 22. Rxd1 Nxc4 23. Bxc4 Rxc4 24. Rd8+ Kf7 25. Rd7+ Kg6 26. Rxb7
Rxf4 27. Rxa7 Rc4 28. g3 Rc2 29. b4 Rc3 30. b5 h5 31. h4 Rb3 32. a4 Rb4 33. Kg2
Rd4 34. Kf3 Rd3+ 35. Ke4 Ra3 36. Kd4 Kf5 37. Ra6 g5 38. Kc4 gxh4 39. gxh4 e5
40. Kb4 Rf3 41. Rxb6 Rxf2 42. a5 e4 43. Rb8 e3 44. Re8 Rb2+ 45. Kc5 Rc2+ 46.
Kb6 e2 47. a6 Rd2 48. a7 Rd6+ 49. Kc7 Re6 50. Rxe6 Kxe6 51. a8=Q 1-0

[Event "2. Bundesliga Ost 2013/2014"]
[Site "Zwettl"]
[Date "2013.11.23"]
[Round "3"]
[Board "3"]
[White "Loidl, Florian"]
[Black "Blatny, Pavel"]
[Result "0-1"]
[WhiteElo "2192"]
[BlackElo "2414"]
[PlyCount "76"]
[EventDate "2013.10.05"]
[EventType "team"]
[EventRounds "11"]
[EventCountry "AUT"]
[WhiteTeam "ASVOE VHS Poechlarn"]
[BlackTeam "Zwettl"]

1. c4 e5 2. g3 Nc6 3. e4 g6 4. Bg2 Bg7 5. Nc3 d6 6. Nge2 Be6 7. d3 Qd7 8. Nd5
Nd8 9. O-O c6 10. Ne3 Bh3 11. f4 Bxg2 12. Kxg2 Ne7 13. f5 f6 14. d4 Nf7 15.
dxe5 dxe5 16. Qb3 gxf5 17. exf5 O-O-O 18. c5 Nd5 19. Nc4 Bf8 20. Qa3 Nc7 21.
Ne3 Nb5 22. Qb3 Bxc5 23. Qe6 Ng5 24. Qxd7+ Rxd7 25. Ng4 Ne4 26. Kf3 Nbd6 27.
Bh6 Rf7 28. h4 Bb6 29. Rad1 Bc7 30. b4 a5 31. bxa5 Nc5 32. Be3 Nd3 33. a6 bxa6
34. Rd2 e4+ 35. Kg2 h5 36. Nh6 Rfh7 37. Rc2 Nb4 38. Rb2 Nc4 0-1

[Event "2. Bundesliga Ost 2013/2014"]
[Site "Zwettl"]
[Date "2013.11.23"]
[Round "3"]
[Board "4"]
[White "Wagner, Stefan"]
[Black "Gratze, Michael"]
[Result "0-1"]
[WhiteElo "2178"]
[BlackElo "1982"]
[PlyCount "74"]
[EventDate "2013.10.05"]
[EventType "team"]
[EventRounds "11"]
[EventCountry "AUT"]
[WhiteTeam "Zwettl"]
[BlackTeam "ASVOE VHS Poechlarn"]

1. c4 Nf6 2. g3 g6 3. Bg2 Bg7 4. Nc3 O-O 5. e4 d6 6. Nge2 c5 7. a3 Nc6 8. Rb1
a5 9. d3 Bg4 10. f3 Bd7 11. O-O Ne8 12. Be3 Nc7 13. Nd5 Nxd5 14. exd5 Nd4 15.
Nxd4 cxd4 16. Bf2 a4 17. b4 axb3 18. Qxb3 Qc8 19. Rfe1 Bf6 20. Re2 Qc5 21. Ra2
Ra7 22. Be1 Ba4 23. Qb2 Rb8 24. Bb4 Qc8 25. Rc1 b6 26. f4 Rc7 27. Bd2 b5 28.
Qb4 Ra8 29. Bf1 bxc4 30. Rxc4 Rxc4 31. dxc4 d3 32. Bxd3 Bd4+ 33. Kg2 Bd7 34.
Be2 Rb8 35. Qa5 Bh3+ 36. Kf3 Bb6 37. Qa4 Qg4+ 0-1

[Event "2. Bundesliga Ost 2013/2014"]
[Site "Zwettl"]
[Date "2013.11.23"]
[Round "3"]
[Board "5"]
[White "Gattermayer, Robert"]
[Black "Zwettler, Martin"]
[Result "1/2-1/2"]
[WhiteElo "2035"]
[BlackElo "2194"]
[PlyCount "63"]
[EventDate "2013.10.05"]
[EventType "team"]
[EventRounds "11"]
[EventCountry "AUT"]
[WhiteTeam "ASVOE VHS Poechlarn"]
[BlackTeam "Zwettl"]

1. e4 c5 2. Nc3 a6 3. g3 b5 4. Bg2 Bb7 5. d3 e6 6. Nf3 Nf6 7. O-O d5 8. exd5
Nxd5 9. Nxd5 Bxd5 10. c4 Bc6 11. Be3 bxc4 12. dxc4 Qxd1 13. Rfxd1 Nd7 14. Rd2
Be7 15. Rad1 O-O-O 16. b3 f6 17. Ne1 Bxg2 18. Kxg2 Ne5 19. Nd3 Nxd3 20. Rxd3
Rxd3 21. Rxd3 Kc7 22. Kf3 Ra8 23. Ke4 Bd6 24. f4 g6 25. Kf3 f5 26. Bd2 a5 27.
a4 Kc6 28. Bc3 Be7 29. Re3 Kd7 30. Rd3+ Kc6 31. Re3 Kd7 32. Rd3+ 1/2-1/2

[Event "2. Bundesliga Ost 2013/2014"]
[Site "Zwettl"]
[Date "2013.11.23"]
[Round "3"]
[Board "6"]
[White "Lipp, Alfred"]
[Black "Streimelweger, Helmut"]
[Result "1-0"]
[WhiteElo "2138"]
[BlackElo "1940"]
[PlyCount "77"]
[EventDate "2013.10.05"]
[EventType "team"]
[EventRounds "11"]
[EventCountry "AUT"]
[WhiteTeam "Zwettl"]
[BlackTeam "ASVOE VHS Poechlarn"]

1. d4 f5 2. g3 Nf6 3. Bg2 g6 4. c4 Bg7 5. Nc3 d6 6. Nf3 O-O 7. O-O Qe8 8. d5
Nbd7 9. Be3 a6 10. Ng5 Ne5 11. c5 h6 12. Ne6 Bxe6 13. dxe6 Qc8 14. Qb3 Rb8 15.
cxd6 exd6 16. Ba7 c6 17. Bxb8 Qxb8 18. e4 fxe4 19. Nxe4 d5 20. Nc5 Qd6 21. Rac1
Nc4 22. Rxc4 dxc4 23. Qxc4 b5 24. Qc2 Nd5 25. Bxd5 cxd5 26. b4 Kh7 27. Rd1 d4
28. Qe4 Re8 29. Rd3 a5 30. a3 axb4 31. axb4 Re7 32. Ra3 Bf6 33. Kg2 h5 34. f4
Kg7 35. Ra6 Qc7 36. Kf3 Qb8 37. Nd7 Qc7 38. Qc6 Qxc6+ 39. Rxc6 1-0

[Event "2. Bundesliga Ost 2013/2014"]
[Site "Zwettl"]
[Date "2013.11.24"]
[Round "4"]
[Board "1"]
[White "Videki, Sandor"]
[Black "Bernasek, Jan"]
[Result "1/2-1/2"]
[WhiteElo "2434"]
[BlackElo "2539"]
[PlyCount "89"]
[EventDate "2013.10.05"]
[EventType "team"]
[EventRounds "11"]
[EventCountry "AUT"]
[WhiteTeam "Spg Data Technology Eichgraben/P."]
[BlackTeam "Zwettl"]

1. c4 c5 2. Nf3 Nc6 3. Nc3 g6 4. e3 Nf6 5. d4 cxd4 6. exd4 d5 7. cxd5 Nxd5 8.
Qb3 Nxc3 9. Bc4 Nd5 10. Bxd5 e6 11. Bxc6+ bxc6 12. O-O Qd5 13. Be3 f6 14. Rfc1
Be7 15. Nd2 Bd7 16. f3 Kf7 17. Qc2 Rab8 18. Ne4 Rhd8 19. Qf2 h5 20. b3 Be8 21.
h4 Qa5 22. Re1 Rb5 23. Rac1 Rbd5 24. Qe2 Bb4 25. Red1 Qb5 26. Qc2 a5 27. Rf1
Qb8 28. Qf2 e5 29. dxe5 Qxe5 30. Bb6 Ra8 31. Bc5 Bd7 32. Rc4 Bxc5 33. Nxc5 Bf5
34. Re1 Qd6 35. Ne4 Bxe4 36. Rcxe4 Rd1 37. Rxd1 Qxd1+ 38. Re1 Qd6 39. Qe3 Rd8
40. Kh1 Rd7 41. Qh6 Re7 42. Qh7+ Kf8 43. Qh6+ Kf7 44. Qh7+ Kf8 45. Qh6+ 1/2-1/2

[Event "2. Bundesliga Ost 2013/2014"]
[Site "Zwettl"]
[Date "2013.11.24"]
[Round "4"]
[Board "2"]
[White "Polak, Thomas"]
[Black "Ganaus, Hannes"]
[Result "1-0"]
[WhiteElo "2502"]
[BlackElo "2302"]
[PlyCount "69"]
[EventDate "2013.10.05"]
[EventType "team"]
[EventRounds "11"]
[EventCountry "AUT"]
[WhiteTeam "Zwettl"]
[BlackTeam "Spg Data Technology Eichgraben/P."]

1. d4 Nf6 2. c4 g6 3. Nc3 Bg7 4. Nf3 d6 5. Bg5 h6 6. Bh4 g5 7. Bg3 Nh5 8. e3
Nxg3 9. hxg3 c5 10. Be2 g4 11. Nh4 cxd4 12. exd4 h5 13. O-O Nc6 14. d5 Bxc3 15.
bxc3 Ne5 16. Qd4 Qc7 17. f4 gxf3 18. gxf3 Rg8 19. Kf2 b6 20. Rae1 Qc5 21. Rh1
Nd7 22. Ng2 Nf6 23. Bd3 Kf8 24. Re3 Qxd4 25. cxd4 Bd7 26. Nf4 Rg5 27. Rhe1 Re8
28. Bf1 a6 29. Ra3 a5 30. Rb1 b5 31. cxb5 Nxd5 32. Nxd5 Rxd5 33. Rxa5 Rb8 34.
Ra7 Bc8 35. Rb4 1-0